Statistics for Language to Flag

Click here to take the quiz!

General Stats

  • This quiz has been taken 37 times
  • The average score is 14 of 16

Answer Stats

Answer% Correct
Dutch
97%
German
97%
Spanish
97%
Turkish
97%
Arabic
94%
English
94%
Hebrew
94%
Slovenian
94%
Bengali
90%
Vietnamese
90%
Dzongkha
87%
Persian
87%
Italian
84%
Russian
81%
French
74%
Portuguese
52%

Score Distribution

Percentile by Number Answered

Percent of People with Each Score

Your Score History

You have not taken this quiz